Southville International School and Colleges
Your cart is empty.
  • Cart
  • Lists
    Public lists Eva Luna New books Lux_list list_1
    Your lists Log in to create your own lists
  • Log in to your account
  • Your cookies
  • Search history
Southville International School and Colleges
  • Advanced search
  • Recent comments
  • Most popular
  • Libraries

Log in to your account

Log in with GOOGLE


If you do not have an external account, but do have a local account, you can still log in:

  1. Home
  2. MARC view: The RxPinoy health directory /
Normal view MARC view ISBD view

The RxPinoy health directory / (Record no. 20722)

[ view plain ]
MARC details
000 -LEADER
fixed length control field 00672nam a2200205 a 4500
005 - DATE AND TIME OF LATEST TRANSACTION
control field 20140310183248.0
008 - FIXED-LENGTH DATA ELEMENTS--GENERAL INFORMATION
fixed length control field 040916s19uu xx 00 eng d
022 ## - INTERNATIONAL STANDARD SERIAL NUMBER
International Standard Serial Number 16557700
050 ## - LIBRARY OF CONGRESS CALL NUMBER
Classification number R 713.97
Item number .R987 2002
245 ## - TITLE STATEMENT
Title The RxPinoy health directory /
250 ## - EDITION STATEMENT
Edition statement Premier ed.
260 ## - PUBLICATION, DISTRIBUTION, ETC. (IMPRINT)
Place of publication, distribution, etc Manila :
Name of publisher, distributor, etc Infomediary Philippines Inc,
Date of publication, distribution, etc 2002.
300 ## - PHYSICAL DESCRIPTION
Extent 201 p. :
Other physical details ill. ;
Dimensions 28 cm.
500 ## - GENERAL NOTE
General note Includes name index and street maps of Metro Manila.
650 ## - SUBJECT ADDED ENTRY--TOPICAL TERM
Topical term or geographic name as entry element Health Services
Form subdivision Philippines
General subdivision Directory.
650 ## - SUBJECT ADDED ENTRY--TOPICAL TERM
Topical term or geographic name as entry element Health Facilities -- Philippines -- Directory.
650 ## - SUBJECT ADDED ENTRY--TOPICAL TERM
Topical term or geographic name as entry element Health Personnel
Form subdivision Philippines
General subdivision Directory.
942 ## - ADDED ENTRY ELEMENTS (KOHA)
Koha item type Books
Source of classification or shelving scheme Library of Congress Classification
Holdings
Withdrawn status Lost status Source of classification or shelving scheme Damaged status Home library Current library Shelving location Date acquired Total Checkouts Full call number Barcode Date last seen Copy number Price effective from Koha item type
    Library of Congress Classification   College Library College Library Reference Section 09/16/2004   R 713.97 .R987 2002 C5246 05/15/2018 1 10/10/2013 Books

The RxPinoy health directory /

APA

(2002). The RxPinoy health directory. Manila: Infomediary Philippines Inc.

Chicago

2002. The RxPinoy health directory. Manila: Infomediary Philippines Inc.

Harvard

(2002). The RxPinoy health directory. Manila: Infomediary Philippines Inc.

MLA

The RxPinoy health directory. Manila: Infomediary Philippines Inc. 2002.

  • Place hold
  • Print
  • Cite
  • Add to your cart (remove)
  • Save record
    BIBTEX Dublin Core MARCXML MARC (non-Unicode/MARC-8) MARC (Unicode/UTF-8) MARC (Unicode/UTF-8, Standard) MODS (XML) RIS
  • More searches
    Search for this title in:
    Other Libraries (WorldCat) Other Databases (Google Scholar) Online Stores (Bookfinder.com) Open Library (openlibrary.org)

Exporting to Dublin Core...

SOUTHVILLE LIBRARY

Southville International School and Colleges Library

1281 Tropical Ave. Cor. Luxembourg St., BF Homes International, Las Pinas City

Tel. No. 8256374 / 252358 Loc. 117/146

Powered by Koha